000
00249nam a2200097Ia 4500
001
697922
005
20250826162041.0
008
250824s9999 xx 000 0 und d
245
0
_a
EĞİL DAĞLAR
_c
YAHYA KEMAL BEYATLI
260
_b
YAPI KREDİ YAYINLARI
999
_c
697922
_d
697922